Aj v podmienkach konkurencie je nutná spolupráca.

Trh a konkurencia ako budúci základ ozdravenej ekonomiky SR. Nutnosť zvýrazňovania trhu. Možnosti podnikania na poisťovacom trhu pre zakladajúce sa domáce aj zahraničné poisťovne. Postavenie slovenského poisťovníctva na trhu - predpoklady vstupu na trh. Vstup a pôsobenie zahraničných poisťovní v SR....

Descrizione completa

Salvato in:
Dettagli Bibliografici
Autore principale: Vanek, J.
Natura: Capitolo di libro
Lingua:slovacco
Soggetti:
Tags: Aggiungi Tag
Nessun Tag, puoi essere il primo ad aggiungerne!!

MARC

LEADER 00000naa a2200000 4500
001 r012069
005 20220826093846.5
041 0 |a slo 
044 |a CZ 
245 1 0 |a Aj v podmienkach konkurencie je nutná spolupráca.  |c J. Vanek 
520 |a Trh a konkurencia ako budúci základ ozdravenej ekonomiky SR. Nutnosť zvýrazňovania trhu. Možnosti podnikania na poisťovacom trhu pre zakladajúce sa domáce aj zahraničné poisťovne. Postavenie slovenského poisťovníctva na trhu - predpoklady vstupu na trh. Vstup a pôsobenie zahraničných poisťovní v SR. Koordinácia, spolupráca a informovanosť na poisťovacom trhu. 
610 2 0 |a poisťovne 
610 2 0 |a poisťovníctvo 
610 2 0 |a Slovensko 
610 2 0 |a trh 
610 2 0 |a koordinácia 
610 2 0 |a spolupráca podnikov 
610 2 0 |a trh poistný 
100 1 |a Vanek, J.